| 000 | 00552nam a2200169 a 4500 | ||
|---|---|---|---|
| 005 | 20140414132121.0 | ||
| 008 | 121010s19uu xx 00 eng d | ||
| 050 |
_aM 813.5 _bMc479 1998 |
||
| 100 | _aMcKie,Anne | ||
| 245 | _aA treasury of stories for bedtime. | ||
| 260 |
_aLondon : _bGrandreams Limited, _c1998. |
||
| 300 | _a93 | ||
| 500 | _aThe Little red hen. The Enormous turnip. The Sorcerer's apprentice. The Big fat pancake. | ||
| 650 | _achildren's stories-bedtime-compilation. | ||
| 700 | _aKen Mckie ( illustrator) | ||
| 999 |
_c115088 _d115088 |
||